[Event "Mar del Plata op 54th"]
[Site "Mar del Plata"]
[Date "2025.04.16"]
[Round "6"]
[White "Cuello Alcaria, Juan Ignacio"]
[Black "Barrionuevo, Pablo"]
[Result "1-0"]
[WhiteElo "2014"]
[BlackElo "2212"]
[PlyCount "133"]
[EventDate "2025.04.12"]
[EventType "swiss"]
[EventRounds "9"]
[EventCountry "ARG"]
[SourceTitle "CB17_2025"]
[SourceDate "2025.04.23"]
[SourceVersion "1"]
[SourceVersionDate "2025.04.23"]
[SourceQuality "1"]

1. d4 Nf6 2. Nf3 g6 3. g3 Bg7 4. Bg2 0-0 5. 0-0 d6 6. h3 c6 7. Nbd2 Qc7 8. e4 c5 9. c3 Nc6 10. Qe2 Nd7 11. d5 Na5 12. Rb1 Nb6 13. Qb5 Nd7 14. b4 Bxc3 15. bxa5 Qxa5 16. Qxa5 Bxa5 17. Nc4 Bc7 18. Bh6 Re8 19. a4 b6 20. Nfd2 Rb8 21. Rb2 Nf8 22. Na3 a6 23. Rfb1 Bd7 24. Ndc4 Bxa4 25. Nxb6 Bxb6 26. Rxb6 Ra8 27. Bxf8 Kxf8 28. Bf1 a5 29. Bb5 Bxb5 30. R1xb5 a4 31. f3 Rec8 32. Kf2 h5 33. Ke3 Kg7 34. f4 Rd8 35. Rb7 Kf8 36. Kd3 Re8 37. R7b6 Red8 38. Kc4 Ra7 39. Rb8 Rxb8 40. Rxb8+ Kg7 41. Rb6 f6 42. Kb5 Kf7 43. Kc4 Ra8 44. Rb7 Kf8 45. Rb1 Kf7 46. Ra1 Rb8 47. Nb5 Ra8 48. Ra3 h4 49. g4 Ra6 50. Rf3 Kg7 51. e5 fxe5 52. fxe5 dxe5 53. Kxc5 Ra8 54. Nc7 Rb8 55. Ne6+ Kg8 56. Kc4 e4 57. Ra3 Rb2 58. Rxa4 e3 59. Ra8+ Kh7 60. Ra1 Rc2+ 61. Kd3 Rd2+ 62. Ke4 Kh6 63. g5+ Kh7 64. Re1 e2 65. Nf4 Rd1 66. Rxe2 Rg1 67. Ne6 1-0

[Event "Mar del Plata 1st Cat RAM"]
[Site "Mar del Plata"]
[Date "2019.11.26"]
[Round "12"]
[White "Cuello Alcaria, Juan Ignacio"]
[Black "Farace, Daniel Guillermo"]
[Result "1-0"]
[WhiteElo "1976"]
[BlackElo "1813"]
[PlyCount "81"]
[EventDate "2019.11.05"]
[EventType "tourn"]
[EventRounds "13"]
[EventCountry "ARG"]
[SourceTitle "EXT 2021"]
[Source "ChessBase"]
[SourceDate "2020.10.23"]
[SourceVersion "1"]
[SourceVersionDate "2020.10.23"]
[SourceQuality "1"]

1. d4 e6 2. c4 Bb4+ 3. Bd2 Bxd2+ 4. Nxd2 f5 5. e4 fxe4 6. Nxe4 Nf6 7. Bd3 0-0 8. Nf3 Nc6 9. 0-0 Nxe4 10. Bxe4 Qf6 11. Qd3 g6 12. Rad1 d6 13. Qc3 Bd7 14. b4 Rae8 15. b5 Nd8 16. Qa5 c6 17. a4 Re7 18. Qxa7 d5 19. Bd3 dxc4 20. Bxc4 Bc8 21. Qc5 Kg7 22. b6 Nf7 23. Rfe1 h6 24. Bd3 Rd7 25. Bc4 Rd6 26. Bb3 Rfd8 27. Qc3 Ng5 28. Ne5 Nf7 29. Qe3 Qe7 30. f4 Nxe5 31. fxe5 R6d7 32. Rf1 Rf8 33. Rxf8 Qxf8 34. Bxe6 Rxd4 35. Qxd4 Bxe6 36. Qd6 Bd5 37. Rf1 Qxd6 38. exd6 Be6 39. Rd1 Bd7 40. Re1 Kf6 41. Re7 1-0

[Event "Mar del Plata 1st Cat RAM"]
[Site "Mar del Plata"]
[Date "2019.11.15"]
[Round "7"]
[White "Cuello Alcaria, Juan Ignacio"]
[Black "Fidel, Roberto Oscar"]
[Result "1-0"]
[WhiteElo "1976"]
[BlackElo "2086"]
[PlyCount "97"]
[EventDate "2019.11.05"]
[EventType "tourn"]
[EventRounds "13"]
[EventCountry "ARG"]
[SourceTitle "EXT 2021"]
[Source "ChessBase"]
[SourceDate "2020.10.23"]
[SourceVersion "1"]
[SourceVersionDate "2020.10.23"]
[SourceQuality "1"]

1. d4 d5 2. c4 c6 3. Nf3 e6 4. e3 f5 5. Nc3 Nf6 6. Be2 Bd6 7. a3 Nbd7 8. Qc2 Ne4 9. b3 0-0 10. Bb2 a5 11. Nd2 Qe7 12. g3 b6 13. cxd5 Nxc3 14. Qxc3 cxd5 15. 0-0 Bb7 16. Bb5 Rfc8 17. Qd3 Nf6 18. Kg2 Rc7 19. Nb1 Rac8 20. Nc3 Ne4 21. Na4 Rc2 22. Rac1 Rxc1 23. Bxc1 h5 24. f3 Nf6 25. Nxb6 Rc7 26. Bd2 h4 27. Bxa5 hxg3 28. hxg3 Bxa3 29. Na4 Rc8 30. Bb6 e5 31. dxe5 Qxe5 32. Bd4 Qe6 33. Bxf6 gxf6 34. Rf2 Bd6 35. Nc3 Qe5 36. Ne2 Kf7 37. Bd7 Rg8 38. Nf4 d4 39. Be6+ Kf8 40. Bxg8 Kxg8 41. Qc4+ Kg7 42. exd4 Qe3 43. d5 Kh6 44. Re2 Qa7 45. Ne6 f4 46. Nxf4 Ba6 47. Qa4 Qg7 48. Re1 Bxf4 49. Qxf4+ 1-0

[Event "Mar del Plata 1st Cat RAM"]
[Site "Mar del Plata"]
[Date "2019.11.07"]
[Round "2"]
[White "Olmos, Cesar"]
[Black "Cuello Alcaria, Juan Ignacio"]
[Result "0-1"]
[WhiteElo "1751"]
[BlackElo "1976"]
[PlyCount "60"]
[EventDate "2019.11.05"]
[EventType "tourn"]
[EventRounds "13"]
[EventCountry "ARG"]
[SourceTitle "EXT 2021"]
[Source "ChessBase"]
[SourceDate "2020.10.23"]
[SourceVersion "1"]
[SourceVersionDate "2020.10.23"]
[SourceQuality "1"]

1. d4 Nf6 2. c4 e6 3. Nf3 Bb4+ 4. Bd2 c5 5. g3 Bxd2+ 6. Qxd2 cxd4 7. Nxd4 0-0 8. Bg2 Qc7 9. Na3 a6 10. 0-0 e5 11. Nf5 d5 12. Ne3 d4 13. Nd5 Qd6 14. c5 Qxc5 15. Nxf6+ gxf6 16. Qh6 Qe7 17. Nc4 Be6 18. Nb6 Ra7 19. Nd5 Bxd5 20. Bxd5 f5 21. e4 fxe4 22. f4 Nd7 23. fxe5 Qxe5 24. Rf4 Qg7 25. Qh4 Ne5 26. Bxe4 f5 27. Raf1 Ng6 28. Rxf5 Rxf5 29. Qd8+ Qf8 30. Bd5+ Kh8 0-1

[Event "Mar del Plata Lasker Memorial"]
[Site "Mar del Plata"]
[Date "2019.07.24"]
[Round "7"]
[White "Cuello Alcaria, Juan Ignacio"]
[Black "Rossi, Alejandro Oscar"]
[Result "1-0"]
[WhiteElo "1959"]
[BlackElo "1823"]
[PlyCount "64"]
[EventDate "2019.07.22"]
[EventType "swiss"]
[EventRounds "7"]
[EventCountry "ARG"]
[SourceTitle "CBM 191 Extra"]
[Source "ChessBase"]
[SourceDate "2019.09.30"]
[SourceVersion "1"]
[SourceVersionDate "2019.09.30"]
[SourceQuality "1"]

1. d4 d5 2. c4 e6 3. Nf3 dxc4 4. e3 Nf6 5. Bxc4 c5 6. 0-0 Nc6 7. Bb5 Bd7 8. dxc5 Bxc5 9. Qc2 Qb6 10. Nc3 0-0 11. Bxc6 Bxc6 12. Ne5 Rfe8 13. Na4 Bxa4 14. Qxa4 Qd6 15. Nf3 Red8 16. b3 Qd3 17. Bb2 Qg6 18. Rac1 Bb6 19. Qh4 Ng4 20. Rc4 Nh6 21. Ne5 Qf6 22. Qxf6 gxf6 23. Ng4 Nxg4 24. Rxg4+ Kf8 25. Bxf6 Rd2 26. a4 Rc8 27. h3 Rcc2 28. b4 a6 29. a5 Ba7 30. Rg7 b5 31. Rxh7 Ke8 32. Rh8+ Kd7 1-0

[Event "Mar del Plata"]
[Site "Mar del Plata"]
[Date "2017.11.03"]
[Round "9"]
[White "Cuello Alcaria, Juan Ignacio"]
[Black "Quezada, Franco"]
[Result "0-1"]
[WhiteElo "1894"]
[BlackElo "1829"]
[PlyCount "64"]
[EventDate "2017.10.16"]
[EventType "tourn"]
[EventRounds "11"]
[EventCountry "ARG"]
[SourceTitle "CBM 181 Extra"]
[Source "ChessBase"]
[SourceDate "2017.12.12"]
[SourceVersion "1"]
[SourceVersionDate "2017.12.12"]
[SourceQuality "1"]

1. e4 c5 2. c3 d5 3. exd5 Qxd5 4. Nf3 Nf6 5. d4 e6 6. Be3 cxd4 7. Nxd4 a6 8. Be2 Qxg2 9. Bf3 Qh3 10. Qa4+ Nbd7 11. Nd2 Be7 12. Nb5 0-0 13. Nc7 Rb8 14. Ba7 b5 15. Qf4 Nc5 16. Qg3 Qxg3 17. hxg3 Rb7 18. Bxb7 Bxb7 19. Rf1 Rc8 20. Bb6 Nfd7 21. Ba5 Bd8 22. b4 Na4 23. Nxb5 axb5 24. Bxd8 Rxd8 25. Rc1 Ne5 26. Ke2 Bd5 27. a3 Nc4 28. Rfe1 Nxa3 29. f4 Nb2 30. Nf3 Bxf3+ 31. Kxf3 Nac4 32. Kg4 Nd3 0-1